| 000 | 00863nam a22002657a 4500 | ||
|---|---|---|---|
| 005 | 20220329141256.0 | ||
| 008 | 971010s1989 r 00010 d | ||
| 010 | _a65574 | ||
| 011 | _a66546 | ||
| 035 | _a74862 | ||
| 082 |
_a628.53 _bB6 |
||
| 100 | 0 | 0 |
_aBotkin, Daniel B. _914475 |
| 245 |
_aChanging the global environment _b: perspectives on human involvement |
||
| 260 |
_aBoston, Mass. : _bAcademic Press, _c1989 |
||
| 300 |
_a459 p. _b: ilus. |
||
| 500 | _a1993-186 | ||
| 590 |
_aBATCH-UPD _b10 _c20130110 _lUCH01 _h0656 |
||
| 590 |
_aBATCH-UPD _b10 _c20130410 _lUCH01 _h0341 |
||
| 590 |
_aBATCH-UPD _b10 _c20130914 _lUCH01 _h0726 |
||
| 590 |
_aCONVERSION _b10 _c20130109 _lUCH01 _h1336 |
||
| 650 | 1 | 4 |
_aImpacto ambiental. _957465 |
| 650 | 1 | 4 |
_aMedio ambiente _xContaminación. _974069 |
| 901 | _aBK | ||
| 949 |
_a628.53 B6 _bS _cLIBRO _d-7769 _eLIBRO _h3393 _i74862 _si |
||
| 999 |
_c65574 _d65574 |
||